Normal view
MARC view
- Balaveera Reddy, K .
Entry Personal Name
001 - CONTROL NUMBER
- control field: 862
003 - CONTROL NUMBER IDENTIFIER
- control field: OSt
005 - DATE AND TIME OF LATEST TRANSACTION
- control field: 20160711130257.0
008 - FIXED-LENGTH DATA ELEMENTS
- fixed length control field: 160711|| aca||aabn | a|a d
040 ## - CATALOGING SOURCE
- Original cataloging agency: OSt
- Transcribing agency: OSt
100 ## - HEADING--PERSONAL NAME
- Personal name: Balaveera Reddy, K .
670 ## - SOURCE DATA FOUND
- Source citation: Work cat.: (OSt)7076: Mahadevan, K . 861, Design Data handbook for Mechanical Engineers / , 2013
